WWE Royal Rumble Women's Winners Quiz (Current through 2026) - Statistics

General Stats
  • This quiz has been taken 451 times
    75 since last reset
  • The average score is 8 of 8
Answer Stats
YEAR EN Answer % Correct
2019 28 Becky Lynch
100%
2020, 2025 17 Charlotte
100%
2026 14 Liv Morgan
100%
2024 3 Bayley
98%
2018 25 Asuka
97%
2023 1 Rhea Ripley
97%
2021 3 Bianca Belair
95%
2022 28 Ronda Rousey
91%
No matching quizzes found
Score Distribution
Percent of People with Each Score
Percentile by Number Answered
Your Score History
You have not taken this quiz since the last reset